World cancer report 2014 / (Record no. 141473)
[ view plain ]
| 000 -LEADER | |
|---|---|
| fixed length control field | 01610nam a2200385 i 4500 |
| 001 - CONTROL NUMBER | |
| control field | ebr11014806 |
| 003 - CONTROL NUMBER IDENTIFIER | |
| control field | CaPaEBR |
| 006 - FIXED-LENGTH DATA ELEMENTS--ADDITIONAL MATERIAL CHARACTERISTICS--GENERAL INFORMATION | |
| fixed length control field | m o d |
| 007 - PHYSICAL DESCRIPTION FIXED FIELD--GENERAL INFORMATION | |
| fixed length control field | cr cn||||||||| |
| 008 - FIXED-LENGTH DATA ELEMENTS--GENERAL INFORMATION | |
| fixed length control field | 150211t20142014fr ab ob 001 0 eng d |
| 020 ## - INTERNATIONAL STANDARD BOOK NUMBER | |
| International Standard Book Number | 9789283204299 (e-book) |
| 040 ## - CATALOGING SOURCE | |
| Original cataloging agency | CaPaEBR |
| Language of cataloging | eng |
| Description conventions | rda |
| -- | pn |
| Transcribing agency | CaPaEBR |
| 035 ## - SYSTEM CONTROL NUMBER | |
| System control number | (OCoLC)903962851 |
| 050 14 - LIBRARY OF CONGRESS CALL NUMBER | |
| Classification number | RA645.C3 |
| Item number | .W675 2014eb |
| 082 04 - DEWEY DECIMAL CLASSIFICATION NUMBER | |
| Classification number | 362.196994 |
| Edition number | 21 |
| 245 00 - TITLE STATEMENT | |
| Title | World cancer report 2014 / |
| Statement of responsibility, etc | edited by Bernard W. Stewart and Christopher P. Wild. |
| 264 #1 - PRODUCTION, PUBLICATION, DISTRIBUTION, MANUFACTURE, AND COPYRIGHT NOTICE | |
| Place of production, publication, distribution, manufacture | Lyon, France : |
| Name of producer, publisher, distributor, manufacturer | International Agency for Research on Cancer, |
| Date of production, publication, distribution, manufacture, or copyright notice | 2014. |
| Place of production, publication, distribution, manufacture | Geneva, Switzerland : |
| Name of producer, publisher, distributor, manufacturer | Distributed by WHO Press, World Health Organization, |
| Date of production, publication, distribution, manufacture, or copyright notice | [date of distribution not identified] |
| Date of production, publication, distribution, manufacture, or copyright notice | �2014 |
| 300 ## - PHYSICAL DESCRIPTION | |
| Extent | 1 online resource (632 pages) : |
| Other physical details | illustrations (some color), maps |
| 336 ## - CONTENT TYPE | |
| Content type term | text |
| Source | rdacontent |
| 337 ## - MEDIA TYPE | |
| Media type term | computer |
| Source | rdamedia |
| 338 ## - CARRIER TYPE | |
| Carrier type term | online resource |
| Source | rdacarrier |
| 504 ## - BIBLIOGRAPHY, ETC. NOTE | |
| Bibliography, etc | Includes bibliographical references and index. |
| 588 ## - SOURCE OF DESCRIPTION NOTE | |
| Source of description note | Description based on print version record. |
| 590 ## - LOCAL NOTE (RLIN) | |
| Local note | Electronic reproduction. Palo Alto, Calif. : ebrary, 2015. Available via World Wide Web. Access may be limited to ebrary affiliated libraries. |
| 650 #0 - SUBJECT ADDED ENTRY--TOPICAL TERM | |
| Topical term or geographic name as entry element | Cancer |
| General subdivision | Epidemiology. |
| Topical term or geographic name as entry element | Cancer |
| General subdivision | Etiology. |
| Topical term or geographic name as entry element | Cancer |
| General subdivision | Prevention. |
| 655 #0 - INDEX TERM--GENRE/FORM | |
| Genre/form data or focus term | Electronic books. |
| 700 1# - ADDED ENTRY--PERSONAL NAME | |
| Personal name | Stewart, Bernard W., |
| Relator term | editor. |
| Personal name | Wild, Christopher P., |
| Relator term | editor. |
| 797 2# - LOCAL ADDED ENTRY--CORPORATE NAME (RLIN) | |
| Corporate name or jurisdiction name as entry element | ebrary. |
| 856 40 - ELECTRONIC LOCATION AND ACCESS | |
| Uniform Resource Identifier | <a href="http://site.ebrary.com/lib/rucke/Doc?id=11014806">http://site.ebrary.com/lib/rucke/Doc?id=11014806</a> |
| Public note | An electronic book accessible through the World Wide Web; click to view |
No items available.
